|
|
|
|
| LEADER |
00727cam a2200253 7i4500 |
| 001 |
0000036788 |
| 005 |
20220413090000.0 |
| 007 |
ta |
| 008 |
220303t2011 eng |
| 020 |
|
|
|a 9780593357132
|
| 040 |
|
|
|a MATR
|
| 090 |
0 |
0 |
|a FI 813.6
|b WEI
|
| 100 |
1 |
|
|e Weir, Andy
|e author
|
| 245 |
1 |
0 |
|a THE MARTIAN :
|b A NOVEL
|c Andy Weir.
|
| 264 |
|
0 |
|a New York:
|b Ballantine Books,
|c 2014.
|
| 300 |
|
|
|a 461 pages;
|c cm.
|
| 336 |
|
|
|a text
|2 rdacontent
|
| 337 |
|
|
|a unmediated
|2 rdamedia
|
| 338 |
|
|
|a volume
|2 rdacarrier
|
| 500 |
|
|
|a Screen adaption
|
| 650 |
|
0 |
|a English fiction
|
| 650 |
|
0 |
|a Astronauts --
|x Fiction
|
| 650 |
|
0 |
|a Survival --
|x Fiction
|
| 999 |
|
|
|a B000041697
|b Book
|c Book
|e Business Information Centre
|